[Event "Gaia Profigaia op 18th"]
[Site "Vila Nova de Gaia"]
[Date "2018.06.30"]
[Round "5"]
[White "Filipe, Gustavo Castro"]
[Black "Taveira, Edgar Emanuel"]
[Result "0-1"]
[WhiteElo "1122"]
[BlackElo "1405"]
[PlyCount "42"]
[EventDate "2018.06.27"]
[EventType "swiss"]
[EventRounds "7"]
[EventCountry "POR"]
[SourceTitle "CBM 185 Extra"]
[Source "ChessBase"]
[SourceDate "2018.07.29"]
[SourceVersion "1"]
[SourceVersionDate "2018.07.29"]
[SourceQuality "1"]

1. e4 d5 2. exd5 Nf6 3. Nf3 Nxd5 4. Bc4 e6 5. d4 b6 6. Be3 Ba6 7. Bxa6 Nxa6 8. Qe2 Nab4 9. a3 Nxe3 10. fxe3 Nd5 11. c4 Nf6 12. Nc3 Bd6 13. 0-0 0-0 14. Rad1 Ng4 15. Ne4 h6 16. Ne5 Nxh2 17. Kxh2 Qh4+ 18. Kg1 Bxe5 19. Nc3 Bg3 20. Rf4 Qh2+ 21. Kf1 Qh1# 0-1